000 00774nam a2200229 i 4500
001 57954
003 ES-MaACL
005 20250901062529.0
007 t|
008 031020s1959 an |||| | spa d
080 _a235.3
100 1 _aDouillet, Jacques.
_945502
245 1 0 _a¿Qué es un santo? /
_cJacques Douillet ; [versión española de Tomás G. Larraya].
260 _aAndorra :
_bCasal i Vall,
_c[1959]
300 _a159 p. ;
_c19 cm.
490 1 _aYo sé, yo creo : enciclopedia del católico en el siglo XX ;
_v46
650 0 7 _aSantos
_2embne
_916987
700 1 _aGutiérrez Larraya, Tomás.
_9149706
830 0 0 _aYo sé, yo creo: enciclopedia del católico del siglo XX
_v46
_9186579
852 _aES-MaACL
_jC-16296
999 _c57954
_d57954